000 00347 a2200145 4500
003 Nust
005 20170207153532.0
040 _cNust
082 _a808.81
100 _aMuhammad Ibn al hussan Syed
245 _aJam-e-Sifaal
_cMuhammad Ibn al hussan Syed
_h
_n
_pMCS
260 _aLahore
_bQoose Communications
300 _a120:p
650 _aUrdu Poetry
942 _2ddc
_cBK
999 _c188052
_d188052